000 00592nam a2200241Ia 4500
005 20250425160729.0
008 250425s9999 xx 000 0 und d
020 _a8426706959
041 _aspa
082 _a621.38
110 _aSIEMENS
245 0 _aTELECOMUNICACION DIGITAL
250 _a1A ED.
260 _aBARCELONA
260 _aEspaƱa
_bMARCOMBO
_c1988
300 _a64
650 _aDATOS-SISTEMAS DE TRANSMISION
650 _aFIBRAS OPTICAS
650 _aTELEVISION-SISTEMAS DE COMUNICACION
650 _aTEORIA DE LA INFORMACION
942 _c01
010 _a3722
999 _c195032
_d195032